000 00847nam a2200301Ia 4500
008 160803s9999 xx 000 0 und d
020 _a0 439683564
100 _aKimmel, Elizabeth Cody
245 _aLily B. on the brink of cool /
245 _cElizabeth Cody Kimmel.
260 _aNew York :
260 _bScholastic Inc.
260 _c2003
300 _a245 pages ;
300 _c20 cm
500 _a"This edition is only available for distribution through the school market"--Cover.
650 _aAuthorship --
650 _aDiaries --
650 _aFamilies --
650 _aFriendship --
650 _aSwindlers and swindling --
650 _xJuvenile fiction.
650 _xJuvenile fiction.
650 _xJuvenile fiction.
650 _xJuvenile fiction.
650 _xJuvenile fiction.
700 _a880
999 _c298518
_d298518